000 02670cam a2200361 4500500
005 20260208005659.0
041 _afre
042 _adc
100 1 0 _aMarraud, Mathieu
_eauthor
245 0 0 _aCorporatisme, métiers et économie d’exclusion à Paris XVIIe-XVIIIe siècle
260 _c2019.
500 _a50
520 _aConcept inconnu de l’Ancien Régime, le corporatisme a pourtant été analysé comme programme d’englobement général de la société urbaine de l’époque. Or, à l’examen des privilèges et de l’activité des métiers, le terme permet de penser l’incorporation conflictuelle des produits et des droits plutôt que celle des hommes. La compétition entre métiers dessine dans le cadre de Paris une ligne de fracture fondamentale entre marchands et artisans pour le contrôle et la vente des biens, pour l’accès aux lieux de la représentation bourgeoise. Elle se manifeste par l’opposition forte entre corps et communautés. À partir des années 1740-1750, la monarchie cherche à intégrer puis à dissoudre ce pouvoir social, afin d’incarner de manière exclusive la garantie publique apportée au commerce.
520 _aCorporation, Guilds and Exclusion Economy in Paris While the Old Regime period ignored it as a concept, corporatism has long been seen as programming the organisation of the whole urban society of that time. In fact, on account of guilds privileges and activities, it seems the word helps above all to understand how rights and goods, even more than men, were then conflictually incorporated. Competition between parisian guilds obsviously intended to drive apart merchants and craftmen, and to discriminate their abilities to sell, to control goods entering the city, to participate to powerfull bourgeois institutions. The way corps and communautés fought one another shows it quite well. From the 1740s and 1750s, the monarchy reacted by integrating then dissolving such an embbeded social power, with the idea of being solely able to give public security to trade exchange.
690 _aAncien Régime
690 _acommerce
690 _acorporations
690 _acorporatisme
690 _amonarchie
690 _aParis.
690 _aprivilèges
690 _asociété urbaine
690 _aCorporatism
690 _aGuilds
690 _aMonarchy
690 _aOld Regime
690 _aParis.
690 _aPriviledges
690 _aTrade
690 _aUrban Society
786 0 _nRevue historique | 690 | 2 | 2019-05-28 | p. 283-313 | 0035-3264
856 4 1 _uhttps://shs.cairn.info/revue-historique-2019-2-page-283?lang=fr&redirect-ssocas=7080
999 _c1653304
_d1653304